000 00805cai a22001935a 4500
001 L158943
008 151021u2015 xxk g 000 0 eng d
035 _a(Sirsi) u158943
041 0 _aeng
110 2 _aUnited Kingdom
_bHM Treasury
245 0 4 _aThe National Infrastructure Pipeline
_bInteractive map and timeline view
520 _aDetails of the infrastructure pipeline including an interactive map with details of national and offshore projects. Can search data by region, sector, status and value of project.
590 _aKA
651 4 _aEngland and Wales
_y1543-
690 _aInfrastructure
_96246
690 _aPlanning and development
_96259
856 4 0 _uhttps://www.building.co.uk/infrastructure-pipeline-2015/home/
_zView the website free of charge at www.building.co.uk
942 _n0
999 _c121042
_d121042